000
00297nam a22001337a 4500
008
181002b xxu||||| |||| 00| 0 eng d
020
_a
0866566295
041
_a
eng
080
_a
316
100
_a
50
101
_a
SOC
245
_a
The dynamics of feminist therapy
_c
Howard,D
942
_2
udc
_c
BK
999
_c
48779
_d
48779